000 00507nam a2200157 4500
001 120069
003 ES-MaACL
005 20230906191447.0
007 t|
008 070214s1973 sp r ||||1| spa d
100 1 _aPérez de Urbel, Justo.
_990812
245 1 0 _aFray Pedro Ponce de León y el origen del arte de enseñar a hablar a los mudos /
_cpor Justo Pérez de Urbel.
260 _aMadrid :
_bObras Selectas,
_c1973.
300 _a295 p., 10 lám. ;
_c21 cm.
852 _aES-MaACL
_jC-53864
_bR.86874
999 _c120069
_d120069